000 00488nam a2200169Ia 4500
999 _c26050
_d26050
003 OSt
005 20201203130411.0
008 190216s9999||||xx |||||||||||||| ||und||
040 _coclc
082 _a894.8123
_bKHA/M
100 _aKhader, U A
_96773
245 0 _aManikyam Vizhungiya Kanaran /
_cU A Khader
260 _bNavakerala Publications,
_aCalicut:
_c1984.
300 _a160p
650 _aMalayalam
942 _cBK
_2ddc
_h894.8123
_iKHA/M
_k894.8123
_mKHA/M